000
00327nam a2200133Ia 4500
008
240624s9999 xx 000 0 und d
041
_a
eng
082
_a
823 CHA
100
_a
CHASE HADLEY JAMES
245
_a
NOT SAFE TO BE FREE
260
_c
2006
_a
Bangalore
_b
Master Mind Books
300
_a
204 : p. : cm. ; 17
365
_c
RS
999
_c
3834
_d
3834